| Tag |
First Indicator |
Second Indicator |
Subfields |
| LEADER |
00000cam a2200000 a 4500 |
| 001 |
in00000011013 |
| 005 |
20151007051952.0 |
| 008 |
870501s1986 fr 00011 fre d |
| 020 |
|
|
|a 2246373913
|
| 035 |
|
|
|a (OCoLC)15619053
|
| 035 |
|
|
|9 AAA5682AM
|
| 040 |
|
|
|a PGP
|c PGP
|d TXA
|d UtOrBLW
|
| 049 |
|
|
|a TXAM
|c [A12582879]
|
| 050 |
|
4 |
|a PQ2668.O732
|b V35 1986
|
| 100 |
1 |
|
|a Host, Michel.
|
| 245 |
1 |
0 |
|a Valet de nuit :
|b roman /
|c Michel Host.
|
| 264 |
|
1 |
|a Paris :
|b B. Grasset,
|c [1986]
|
| 264 |
|
4 |
|c ©1986
|
| 300 |
|
|
|a 284 pages ;
|c 23 cm.
|
| 336 |
|
|
|a text
|b txt
|2 rdacontent
|
| 337 |
|
|
|a unmediated
|b n
|2 rdamedia
|
| 338 |
|
|
|a volume
|b nc
|2 rdacarrier
|
| 999 |
|
|
|a MARS
|
| 999 |
f |
f |
|s b922fee2-be2a-3f59-b25b-774b076c16d7
|i 9c946eae-5619-305b-aead-b801d2c44c3e
|t 0
|
| 952 |
f |
f |
|p ric
|a Texas A&M University
|b Rellis Campus
|c Joint Library Facility
|d Remote Storage
|t 0
|e PQ2668.O732 V35 1986
|h Library of Congress classification
|i unmediated -- volume
|m A14812582879
|
| 998 |
f |
f |
|a PQ2668.O732 V35 1986
|t 0
|l Remote Storage
|